000 00622nam a2200205 a 4500
001 000011125
005 20240412074223.0
008 091014r1972 dr 000 p spa d
040 _aDO-SdBNP
_bspa
_cBNPHU
082 _aRD861.44
_bS197h, 1972
100 1 _aSanabia, Rafael Emilio
_926438
245 1 0 _aHablando con mi madre /
_cRafael Emilio Sanabia.
250 _a4a ed.
260 _aSanto Domingo :
_bArte y Cine,
_c1972.
300 _a53 p. ;
_c21 cm.
590 _aInventariado, 2018/BT
650 0 _aPoesía dominicana
_966
650 0 _aLiteratura dominicana.
_967
910 _aValidado. Control de calidad. MFF
999 _c10850
_d10850